000 nam a22 7a 4500
999 _c19191
_d19191
008 170114b xxu||||| |||| 00| 0 eng d
020 _a9780324578683
050 _aHF 5718.3 .G84 2008
100 _aGuffey, Mary Ellen
_d2008.
245 _aBusiness Communication:
_bProcess & product/
_cMary Ellen Guffey
250 _a6th ed.
260 _aAustralia:
_bSouth-western,
_c2008.
300 _axxvi,525p.:
_bill.;
_c27cm.
521 _aIncludes appendix, glossary and index.
650 _aBusiness communication.
942 _2lcc
_cBOOKS
_hHF 5718.3 .G84 2008